000 00497nam a22001697a 4500
003 OSt
005 20260430063123.0
008 260430b |||||||| |||| 00| 0 eng d
020 _a978-0-07-126248-4
040 _aDWC-Main lib
_cOC
082 _2Third Edition
_aCirc. 621. 319 A375f 2007
100 _aSadiku, Sadiku
245 _aFundamentals of Electric Circuits/
_cAlexander Sadiku
250 _aThird Edition
260 _bMcGraw-Hill
942 _2ddc
_cBK-CIRC
_eThird Edition
_kCirc.
_n0
999 _c10140
_d10140